Responses for Show #3090 - Friday, January 23, 1998

1998 Celebrity Jeopardy! Sportscasters Show.
Set turns red in the Double Jeopardy! Round for last time.

Contestants

[<< previous game]

Al Michaels, a sportscaster from ABC's Monday Night Football

Jim Lampley, a sportscaster from TNT Sports

Greg Gumbel, a sportscaster from NBC Sports

[next game >>]

Jeopardy! Round responses

FAST WOMEN
FILM DIRECTORS
THE BASEBALL HALL OF SHAME
GEOGRAPHY ZOO
TEAMMATES
MAKE A "WISH"
    $100 10
Cinderella

Al
    $100 5
The Addams Family

Jim
    $100 11
Ty Cobb

Jim
    $100 1
Watergate

Al
    $200 12
(Alex: Why would she want to do it?)

a baton

Jim
    $200 6
François Truffaut

Jim
    $200 2
Fred Astaire

Al
    $300 13
Jackie Joyner-Kersee

Al
    $300 7
the Kama Sutra

Jim
    $500 3
(Al: I've barely gotten warmed up!)

"Nader's Raiders"

Al
    $300 18
wishy-washy

Al
    $400 21
Bonnie Blair

Al
    $400 8
a bicycle

Jim
    $400 19
Moose Jaw

Greg
    $400 4
Mason & Dixon

Jim
    $400 17
death wishes

Jim
    $500 20
Raquel Welch

Jim
    $500 9
(Alex: Sorry Al, not quickly enough.)

the yakuza

Triple Stumper
    $500 22
[buzzer sounds to end the round]

throw a game

Jim
    $500 14
(Jim: What is [*] Peak?)

rabbit ears

Jim
    $500 15
Lewis & Clark

Jim
    $500 16
(Alex: We've got a minute to go.)

swish

Greg

Scores at the first commercial break (after clue 11):

Greg Jim Al
$0 $1,500 $900

Scores at the end of the Jeopardy! Round:

Greg Jim Al
$900 $4,100 $1,900

Double Jeopardy! Round responses

'60s ROCK
'60s ROLES
BESTSELLING AUTHORS
"C"OMMON BONDS
SPORTS MEDICINE
MARCH OF DIMES
    $200 1
Jimi Hendrix

Jim
    $200 11
Clint Eastwood

Jim
    $200 16
Dr. Seuss

Jim
    $200 21
(Jim: What is cough?)

Cranes

Jim
Triple Stumper
    $200 6
knee

Jim
    $200 26
(Jim: What is cheap?)
(Al: What is a thin dime?)

a dime a dozen

JimAl
Triple Stumper
    $400 2
The Rolling Stones

Jim
    $400 12
Helen Keller

Jim
    $400 17
Dennis Rodman

Jim
    $400 22
crabs

Jim
    $400 7
cortisone

Jim
    $400 27
comic books

Jim
    $1,500 3
(Alex: "California Dreaming".)

The Mamas & the Papas

Jim
    $3,000 13
(Jim: What is "The Pink Panther?")

Dr. Strangelove

Jim
    $600 18
Michael Crichton

Greg
    $600 23
chips

Greg
    $600 8
strawberry

Jim
    $600 28
(Jim: What is "Buddy, Can You Spare Me a Dime?")

"Brother, Can You Spare a Dime?"

Jim
Triple Stumper
    $800 4
Marvin Gaye

Greg
    $800 14
(Alex: From "Midnight Cowboy".)

Ratso

Jim
    $800 19
Tom Clancy

Greg
    $800 24
cards

Greg
    $800 9
pointer

Greg
    $800 29
Come Back to the Five and Dime, Jimmy Dean, Jimmy Dean

Triple Stumper
    $1000 5
The 5th Dimension

Jim
    $1000 15
The Pawnbroker

Jim
    $1000 20
Leon Uris

Jim
    $1000 25
(Alex: And we have a minute to go.)

cream

Al
    $1000 10
(Alex: Makes sense!)

his right arm

Triple Stumper
    $1000 30
dime novels

Jim

Scores at the end of the Double Jeopardy! Round:

Greg Jim Al
$5,300 $10,200 $2,700

[wagering suggestions for these scores]

Final Jeopardy! Round responses

LIBRARIES
(Alex: Gentlemen, thanks for a great game & I look forward to seeing & listening to some of your broadcasts in the near future!)
AlWhat is the N.Y. Public Library?
$2,500
GregWhat is the Reagan Library?
$5,300
JimWhat is the Ronald Reagan Library?
$4,000
The Ronald Reagan Presidential Library

Final scores:

Greg Jim Al
$10,600 $14,200 $200
2nd place: $10,600 for the March of Dimes Winner: $15,000 for the Happy Hairston Youth Foundation 3rd place: $10,000 for the Starlight Children's Foundation & the Make-a-Wish Foundation

Game dynamics:

Coryat scores:

Greg Jim Al
$5,300 $12,300 $2,500
8 R,
0 W
29 R
(including 1 DD),
4 W
(including 1 DD)
8 R
(including 1 DD),
1 W

Combined Coryat: $20,100

[game clues] [game scores] [suggest correction]

Game tape date: Unknown
The J! Archive is created by fans, for fans. Scraping, republication, monetization, and malicious use prohibited; this site may use cookies and collect identifying information. See terms. The Jeopardy! game show and all elements thereof, including but not limited to copyright and trademark thereto, are the property of Jeopardy Productions, Inc. and are protected under law. This website is not affiliated with, sponsored by, or operated by Jeopardy Productions, Inc. Join the discussion at JBoard.tv.